The New Encyclopaedia Britannica (Record no. 5897)

000 -LEADER
fixed length control field 00481nam a22001577a 4500
008 - FIXED-LENGTH DATA ELEMENTS--GENERAL INFORMATION
fixed length control field 150917b xxu||||| |||| 00| 0 eng d
020 ## - INTERNATIONAL STANDARD BOOK NUMBER
International Standard Book Number 0852296330
050 ## - LIBRARY OF CONGRESS CALL NUMBER
Classification number REF AE 5 .E35 2010
100 ## - MAIN ENTRY--PERSONAL NAME
Personal name Safra Jacob E.
Dates associated with a name 2010
245 ## - TITLE STATEMENT
Title The New Encyclopaedia Britannica
Remainder of title Knowledge in Depth
260 ## - PUBLICATION, DISTRIBUTION, ETC. (IMPRINT)
Place of publication, distribution, etc. Tokyo
Name of publisher, distributor, etc. Encyclopaedia Britannica, Inc.
Date of publication, distribution, etc. 2010
300 ## - PHYSICAL DESCRIPTION
Extent 1220p:ill
440 ## - SERIES STATEMENT/ADDED ENTRY--TITLE
Volume/sequential designation vol. 14
760 ## - MAIN SERIES ENTRY
Edition 15th ed
942 ## - ADDED ENTRY ELEMENTS (KOHA)
Source of classification or shelving scheme
Koha item type Reference Material
Classification part REF AE 5 .E35 2010
Holdings
Withdrawn status Lost status Source of classification or shelving scheme Damaged status Not for loan Home library Current library Date acquired Source of acquisition Total Checkouts Full call number Barcode Date last seen Price effective from Koha item type
          MACHAKOS UNIVERSITY LIBRARY MACHAKOS UNIVERSITY LIBRARY 17/09/2015 DONATION (BFA)   REF AE 5 .E35 2010 10237 05/06/2019 17/09/2015 Reference Material
© Machakos University Library, Along The Highway, Machakos Wote Rd, Machakos, Kenya P.O. Box 136 - 90100 Machakos - Kenya

Tel: ( +254 ) 723 805829 OR Fax : 044-20353 OR Email: library@mksu.ac.ke